Statistics for Countries With Aircraft Carriers

Click here to take the quiz!

General Stats

  • This quiz has been taken 51 times
  • The average score is 13 of 16

Answer Stats

ExistingPlannedTotalCountry% Correct
411253UK
100%
8715France
96%
20424Japan
96%
729Russia
96%
681280USA
96%
101China
92%
303Australia
90%
224Italy
90%
314 (also contains carriers of another nation)Spain
88%
303Canada
82%
325India
82%
202Brazil
78%
088Germany
76%
202Argentina
59%
101Thailand
57%
101Netherlands
39%

Score Distribution

Percentile by Number Answered

Percent of People with Each Score

Your Score History

You have not taken this quiz